000 00523nam a2200181Ia 4500
008 090123s9999 xx 000 0 und d
082 _b20292
_a891.463/भोपे
100 _aभोपे मधुरंजन
245 _aआवर्त
250 _a1
260 _bसदानंद प्रकाशन
_c1984
300 _a220
600 _aभोपे मधुरंजन
630 _aआवर्त
700 _aभोपे मधुरंजन
730 _aआवर्त
942 _cBOOK
999 _c58364
_d58364